| 000 | 00939nam a2200229Ia 4500 | ||
|---|---|---|---|
| 001 | L330-23795 | ||
| 003 | IT-CnALBA | ||
| 008 | 170116s9999||||xx |||||||||||||| ||und|| | ||
| 040 |
_aIT-CnALBA _cIT-CnALBA |
||
| 041 | _aITALIANO | ||
| 100 | _aCERIOLI P. EVARISTO, DOTT. | ||
| 245 | 0 | _aI DIRITTI DEL LAVORATORE E IL MESSAGGIO SOCIALE CRISTIANO. | |
| 250 | _a1a ed. | ||
| 260 |
_aCREMONA _bPIZZORNI. GRAFICA EDITORIALE _c1946 [1° Ed.:1946 - Ed.Ling.Originale: 1946] |
||
| 300 | _a17 p. | ||
| 500 | _aSALUTE DELLA PERSONA. FONTI DEL PENSIERO SOCIALE CRISTIANO. DIRITTI DEL LAVORATORE E PROFESSIONISTA. PROPRIETÀ. | ||
| 501 | _aSocietà San Paolo EM - Piazza San Paolo, 14 - 12051 ALBA (CN) (non commercial uses only) ® Copyright 2017 | ||
| 520 | _aSALUTE DELLA PERSONA. FONTI DEL PENSIERO SOCIALE CRISTIANO. DIRITTI DEL LAVORATORE E PROFESSIONISTA. PROPRIETÀ. | ||
| 650 | _aECONOMIA | ||
| 942 | _cBK | ||
| 957 | _71 | ||
| 999 |
_a28538 _bSI _g Copie: 1 _c282895 _d282895 |
||